[Event "Lugano op 15th"]
[Site "Lugano"]
[Date "2012.11.04"]
[Round "7"]
[White "Falasca, Valerio"]
[Black "Filippini, Emanuele"]
[Result "1-0"]
[WhiteElo "1710"]
[BlackElo "1823"]
[PlyCount "50"]
[EventDate "2012.11.01"]
[EventType "swiss"]
[EventRounds "7"]
[EventCountry "SUI"]
[SourceTitle "EXT 2013"]
[Source "ChessBase"]
[SourceDate "2012.11.22"]
[SourceVersion "1"]
[SourceVersionDate "2012.11.22"]
[SourceQuality "1"]

1. Nf3 Nf6 2. g3 b5 3. Bg2 Bb7 4. 0-0 c5 5. d3 d5 6. Bf4 e6 7. Nbd2 Be7 8. Re1 Nbd7 9. Bg5 h6 10. Bxf6 Bxf6 11. c3 Qb6 12. Qc2 0-0 13. e4 dxe4 14. dxe4 e5 15. c4 b4 16. Rad1 Nb8 17. Nf1 Nc6 18. Ne3 Nd4 19. Nxd4 exd4 20. Nd5 Bxd5 21. exd5 Rfe8 22. Re2 Qd6 23. Rde1 Kf8 24. Qh7 g6 25. Qxh6+ Bg7 1-0

[Event "Lugano op 15th"]
[Site "Lugano"]
[Date "2012.11.04"]
[Round "6"]
[White "Filippini, Emanuele"]
[Black "De Kalbermatten, Adrien"]
[Result "1/2-1/2"]
[WhiteElo "1823"]
[BlackElo "1799"]
[PlyCount "72"]
[EventDate "2012.11.01"]
[EventType "swiss"]
[EventRounds "7"]
[EventCountry "SUI"]
[SourceTitle "EXT 2013"]
[Source "ChessBase"]
[SourceDate "2012.11.22"]
[SourceVersion "1"]
[SourceVersionDate "2012.11.22"]
[SourceQuality "1"]

1. Nf3 f5 2. c4 Nf6 3. d4 g6 4. b3 Bg7 5. Bb2 0-0 6. g3 d6 7. Bg2 c6 8. 0-0 Na6 9. Nbd2 Rb8 10. e3 Qe8 11. Rc1 h6 12. a3 c5 13. d5 g5 14. Qe2 Qg6 15. Rfe1 Ng4 16. Bxg7 Qxg7 17. h3 Ne5 18. Nxe5 Qxe5 19. Nf3 Qf6 20. Rf1 Bd7 21. Nd2 b5 22. Rb1 Nc7 23. e4 f4 24. g4 e6 25. f3 exd5 26. cxd5 Rfe8 27. Qd3 Re7 28. Rfc1 a6 29. Qc3 Ne8 30. Qxf6 Nxf6 31. Kf2 h5 32. Ra1 hxg4 33. hxg4 Be8 34. Rh1 Rh7 35. Rxh7 Kxh7 36. Bf1 Nd7 1/2-1/2

[Event "Lugano op 15th"]
[Site "Lugano"]
[Date "2012.11.02"]
[Round "3"]
[White "Lachat, Martin"]
[Black "Filippini, Emanuele"]
[Result "0-1"]
[WhiteElo "1684"]
[BlackElo "1823"]
[PlyCount "50"]
[EventDate "2012.11.01"]
[EventType "swiss"]
[EventRounds "7"]
[EventCountry "SUI"]
[SourceTitle "EXT 2013"]
[Source "ChessBase"]
[SourceDate "2012.11.22"]
[SourceVersion "1"]
[SourceVersionDate "2012.11.22"]
[SourceQuality "1"]

1. c4 b6 2. Nc3 Bb7 3. e3 c5 4. Nf3 Nf6 5. d4 e6 6. d5 d6 7. Be2 g6 8. Ng5 exd5 9. Bf3 Nbd7 10. cxd5 Bg7 11. Nge4 Nxe4 12. Nxe4 Qe7 13. Nc3 0-0 14. 0-0 a6 15. Qc2 b5 16. e4 Ne5 17. Be2 Nd7 18. Bg4 Rae8 19. Re1 f5 20. Bf3 b4 21. Na4 Bxd5 22. Bd2 fxe4 23. Bxe4 Bxe4 24. Qc4+ d5 25. Qb3 Qf7 0-1

[Event "Lugano op 15th"]
[Site "Lugano"]
[Date "2012.11.01"]
[Round "2"]
[White "Filippini, Emanuele"]
[Black "Zuccaro, Guido"]
[Result "0-1"]
[WhiteElo "1823"]
[BlackElo "1753"]
[PlyCount "120"]
[EventDate "2012.11.01"]
[EventType "swiss"]
[EventRounds "7"]
[EventCountry "SUI"]
[SourceTitle "EXT 2013"]
[Source "ChessBase"]
[SourceDate "2012.11.22"]
[SourceVersion "1"]
[SourceVersionDate "2012.11.22"]
[SourceQuality "1"]

1. e4 e6 2. d3 d5 3. Nd2 Nf6 4. e5 Nfd7 5. Ngf3 c5 6. c3 Nc6 7. d4 cxd4 8. cxd4 f6 9. Bb5 Qb6 10. Bxc6 bxc6 11. exf6 Nxf6 12. 0-0 Bd6 13. Nb3 0-0 14. Be3 Ne4 15. Nfd2 Nxd2 16. Qxd2 Qc7 17. h3 e5 18. dxe5 Bxe5 19. Bd4 Rf6 20. Bxe5 Qxe5 21. Rfe1 Qd6 22. Re8+ Kf7 23. Rae1 Rb8 24. Qe3 Re6 25. Qxa7+ Kxe8 26. Rxe6+ Bxe6 27. Qxg7 h5 28. Qg6+ Kd7 29. Qg7+ Qe7 30. Nc5+ Kd6 31. Qg3+ Kxc5 32. Qxb8 Qg7 33. b4+ Kc4 34. Qf4+ Qd4 35. Qd6 Bf5 36. Qxc6+ Kxb4 37. a4 Bd3 38. Qe8 Qa1+ 39. Kh2 Qxa4 40. Qxh5 d4 41. g4 Qb5 42. Qh8 Qc5 43. g5 Be4 44. Qf6 d3 45. g6 Qc7+ 46. f4 Qc2+ 47. Kg3 Qg2+ 48. Kh4 Qxg6 49. Qb2+ Kc4 50. Qc1+ Kd4 51. Qd2 Qc6 52. Kg4 Qc2 53. Qb4+ Qc4 54. Qb2+ Kc5 55. Qe5+ Kb4 56. Qb2+ Kc5 57. Qe5+ Bd5 58. Qc7+ Kb4 59. Qb6+ Kc3 60. Qf6+ Kc2 0-1